|
|
|
|
| LEADER |
02418nam a2200421 a 4500 |
| 001 |
EBC459338 |
| 003 |
MiAaPQ |
| 005 |
20200520144314.0 |
| 006 |
m o d | |
| 007 |
cr cn||||||||| |
| 008 |
060615s2007 enkab sb i001 0 eng |
| 010 |
|
|
|z 2006042196
|
| 015 |
|
|
|a GBA659272
|2 bnb
|
| 016 |
7 |
|
|z 013504879
|2 Uk
|
| 020 |
|
|
|z 0821365150
|
| 020 |
|
|
|z 082136670X (hbk.)
|
| 020 |
|
|
|z 9780821365151
|
| 035 |
|
|
|a (MiAaPQ)EBC459338
|
| 035 |
|
|
|a (Au-PeEL)EBL459338
|
| 035 |
|
|
|a (CaPaEBR)ebr10146796
|
| 035 |
|
|
|a (CaONFJC)MIL62196
|
| 035 |
|
|
|a (OCoLC)654362636
|
| 040 |
|
|
|a MiAaPQ
|c MiAaPQ
|d MiAaPQ
|
| 050 |
|
4 |
|a HD75
|b .D439 2007
|
| 082 |
0 |
4 |
|a 338.9
|2 22
|
| 245 |
0 |
0 |
|a Delivering on the promise of pro-poor growth
|h [electronic resource] :
|b insights and lessons from country experiences /
|c Timothy Besley and Louise J. Cord, editors.
|
| 260 |
|
|
|a Basingstoke [England] ;
|a New York :
|b Palgrave Macmillan ;
|a Washington DC :
|b World Bank,
|c c2007.
|
| 300 |
|
|
|a xi, 253 p. :
|b ill., map.
|
| 504 |
|
|
|a Includes bibliographical references and index.
|
| 505 |
0 |
|
|a Overview /
|r Louise J. Cord --
|t How Indonesia connected the poor to rapid economic growth /
|r C. Peter Timmer --
|t The policy origins of poverty and growth in India /
|r Timothy Besley, Robin Burgess, and Berta Esteve-Volart --
|t Explaining pro-poor growth in Bangladesh: puzzles, evidence, and implications /
|r Binayak Sen, Mustafa K. Muferi, and Quazi Shahabuddin --
|t Pro-poor growth in Vietnam: miracle or model? /
|r Rainer Klump --
|t Ghana: the challenge of translating sustained growth into poverty reduction /
|r Ernest Aryeetey and Andrew McKay --
|t Uganda's experience with operationalizing pro-poor growth, 1922 to 2003 /
|r John A. Okidi ... [et al.] --
|t The success of pro-poor growth in rural and urban Tunisia /
|r Mohamed Hedi Lahouel --
|t Human capital, inequality, and pro-poor growth in Brazil /
|r Naercio Menezes-Filho and Ligia Vasconcellos.
|
| 533 |
|
|
|a Electronic reproduction. Ann Arbor, MI : ProQuest, 2015. Available via World Wide Web. Access may be limited to ProQuest affiliated libraries.
|
| 650 |
|
0 |
|a Economic development
|v Case studies.
|
| 650 |
|
0 |
|a Poverty
|x Government policy
|v Case studies.
|
| 655 |
|
4 |
|a Electronic books.
|
| 700 |
1 |
|
|a Besley, Timothy.
|
| 700 |
1 |
|
|a Cord, Louise.
|
| 710 |
2 |
|
|a ProQuest (Firm)
|
| 856 |
4 |
0 |
|u https://ebookcentral.proquest.com/lib/matrademy/detail.action?docID=459338
|z Click to View
|